PRINCIPLES OF POLYMER CHEMISTRY (Record no. 9444)

MARC details
000 -LEADER
fixed length control field 00447nam a22001577a 4500
003 - CONTROL NUMBER IDENTIFIER
control field SGT
020 ## - INTERNATIONAL STANDARD BOOK NUMBER
International Standard Book Number 9788184120134
082 ## - DEWEY DECIMAL CLASSIFICATION NUMBER
Classification number 547.7,FLO
100 ## - MAIN ENTRY--PERSONAL NAME
Personal name PAUL J. FLORY
245 ## - TITLE STATEMENT
Title PRINCIPLES OF POLYMER CHEMISTRY
260 ## - PUBLICATION, DISTRIBUTION, ETC. (IMPRINT)
Place of publication, distribution, etc MEW DELHI
Name of publisher, distributor, etc ASIAN BOOKS PRIVATE LIMITED
Year of Publication 2006
300 ## - PAGE DESCRIPTION
No. of Pages 672
650 ## - SUBJECT ADDED ENTRY--TOPICAL TERM
Topical term or geographic name as entry element ORGANIC CHEMISTRY
653 ## - KEYWORDS--INDEX TERM
Keyword term HISTORICAL INTRODUCTION,TYPES OF POLYMERIC SUBSTANCES DEFINITIONS AND CLASSIFICATION
942 ## - ADDED ENTRY ELEMENTS (KOHA)
Source of classification or shelving scheme Dewey Decimal Classification
Koha item type FPS Books
Holdings
Withdrawn status Lost status Source of classification or shelving scheme Damaged status Not for loan Collection code Home library Current library Shelving location Date acquired Vendor Name Cost, normal purchase price SGTU Bill Number Full call number Accession No. (Barcode) Date last seen Bill Date Koha item type
    Dewey Decimal Classification   Not For Loan SCIENCE SGT Science & Social Sciences Library SGT Science & Social Sciences Library Reference Book 04/07/2016 KIRTI PRAKASHAN 1550.00 SGTU 3151 547.7,FLO PS1196 04/07/2016 19/10/2015 FPS Books